[Event "UKR-ch"]
[Site "Alushta"]
[Date "2002.05.11"]
[Round "9"]
[White "Kislinsky, Alexey"]
[Black "Semenenko, Alexander"]
[Result "1-0"]
[WhiteElo "2333"]
[BlackElo "2293"]
[PlyCount "61"]
[EventDate "2002.05.02"]
[EventType "swiss"]
[EventRounds "9"]
[EventCountry "UKR"]
[SourceTitle "EXT 2003"]
[Source "ChessBase"]
[SourceDate "2002.11.25"]
[SourceVersion "1"]
[SourceVersionDate "2002.11.25"]
[SourceQuality "1"]

1. e4 e6 2. d4 d5 3. e5 c5 4. c3 Nc6 5. Nf3 Qb6 6. Bd3 Bd7 7. dxc5 Bxc5 8. 0-0 Nge7 9. b4 Bxb4 10. cxb4 Nxb4 11. Be3 Qc7 12. Be2 Nc2 13. Nbd2 Nxa1 14. Qxa1 0-0 15. Rc1 Nc6 16. Bc5 Rfc8 17. Bd6 Qa5 18. Nb3 Qd8 19. Bd3 Na5 20. Re1 Nxb3 21. axb3 Qb6 22. Nd4 a5 23. Re3 f5 24. g4 a4 25. b4 g6 26. gxf5 gxf5 27. Rg3+ Kh8 28. Be7 Rf8 29. Nxf5 exf5 30. e6+ d4 31. Bc5 1-0

[Event "UKR-ch"]
[Site "Alushta"]
[Date "2002.05.07"]
[Round "5"]
[White "Tukhaev, Adam"]
[Black "Semenenko, Alexander"]
[Result "1-0"]
[WhiteElo "2193"]
[BlackElo "2293"]
[PlyCount "58"]
[EventDate "2002.05.02"]
[EventType "swiss"]
[EventRounds "9"]
[EventCountry "UKR"]
[SourceTitle "EXT 2003"]
[Source "ChessBase"]
[SourceDate "2002.11.25"]
[SourceVersion "1"]
[SourceVersionDate "2002.11.25"]
[SourceQuality "1"]

1. e4 e6 2. d4 d5 3. Nc3 Bb4 4. Nge2 dxe4 5. a3 Be7 6. Nxe4 Nf6 7. N2g3 0-0 8. c3 Nbd7 9. Bd3 e5 10. Nxf6+ Bxf6 11. d5 Nc5 12. 0-0 g6 13. Bc2 a5 14. Rb1 b6 15. b4 Nd7 16. Re1 Bg7 17. c4 f5 18. Bb3 Kh8 19. f4 Qh4 20. fxe5 Nxe5 21. Bb2 Nf7 22. Qd2 Bd7 23. Ne2 axb4 24. axb4 Rfe8 25. Nf4 Nd6 26. g3 Qg5 27. Bxg7+ Kg8 28. c5 Ne4 29. d6+ Be6 1-0

[Event "UKR-ch"]
[Site "Alushta"]
[Date "2002.05.05"]
[Round "3"]
[White "Zubov, Alexander"]
[Black "Semenenko, Alexander"]
[Result "1-0"]
[WhiteElo "2478"]
[BlackElo "2293"]
[PlyCount "103"]
[EventDate "2002.05.02"]
[EventType "swiss"]
[EventRounds "9"]
[EventCountry "UKR"]
[SourceTitle "EXT 2003"]
[Source "ChessBase"]
[SourceDate "2002.11.25"]
[SourceVersion "1"]
[SourceVersionDate "2002.11.25"]
[SourceQuality "1"]

1. e4 e6 2. d4 d5 3. Nc3 Bb4 4. Nge2 dxe4 5. a3 Be7 6. Nxe4 Nf6 7. N2g3 Nbd7 8. Bd3 0-0 9. 0-0 b6 10. Qf3 Rb8 11. Qe2 Bb7 12. Bf4 Nxe4 13. Nxe4 Nf6 14. Nxf6+ Bxf6 15. c3 a5 16. Rad1 g6 17. Rfe1 Rc8 18. Bc4 Bd5 19. Ba6 Ra8 20. Bb5 c6 21. Bd3 b5 22. Qg4 Bg7 23. Be5 f5 24. Qg3 Bb3 25. Rd2 Bh6 26. Rde2 Rf7 27. f4 Bf8 28. Qh3 Be7 29. g4 Bh4 30. Rf1 Bf6 31. g5 Bxe5 32. Rxe5 Qb6 33. Qe3 Rd8 34. Be2 Rd6 35. h4 Bd5 36. Rf2 Rd8 37. b4 axb4 38. axb4 Qa7 39. Bf3 Bxf3 40. Rxf3 Rd6 41. Rxe6 Qa1+ 42. Qe1 Qxe1+ 43. Rxe1 Ra7 44. Rfe3 Kf7 45. Re8 Rdd7 46. Rh8 Kg7 47. Rc8 Rac7 48. Rxc7 Rxc7 49. Re6 Kf7 50. Rf6+ Ke7 51. Kf2 Kd7 52. h5 1-0

[Event "UKR-chT 10th"]
[Site "Alushta"]
[Date "2002.04.16"]
[Round "7"]
[White "Smirnov, Igor"]
[Black "Semenenko, Alexander"]
[Result "1-0"]
[WhiteElo "2422"]
[BlackElo "2293"]
[PlyCount "99"]
[EventDate "2002.04.09"]
[EventType "team-swiss"]
[EventRounds "9"]
[EventCountry "UKR"]
[SourceTitle "EXT 2019"]
[Source "ChessBase"]
[SourceDate "2018.10.10"]
[SourceVersion "1"]
[SourceVersionDate "2018.10.10"]
[SourceQuality "1"]
[WhiteTeam "Kramatorsk Grandmaster II"]
[BlackTeam "Lozova Chess Club"]
[WhiteTeamCountry "UKR"]
[BlackTeamCountry "UKR"]

1. e4 e6 2. Nf3 d5 3. Nc3 Nf6 4. e5 Nfd7 5. d4 c5 6. dxc5 Bxc5 7. Bd3 Nc6 8. Bf4 a6 9. 0-0 b5 10. Qe2 h6 11. Rae1 Nb6 12. Nd1 Bb7 13. c3 b4 14. Nd2 a5 15. Nb3 Be7 16. Qg4 g5 17. Bc1 Qc7 18. Bb5 Nd7 19. Bxc6 Bxc6 20. f4 h5 21. Qe2 gxf4 22. Bxf4 Nc5 23. Nxc5 Bxc5+ 24. Be3 Bf8 25. Bd4 Qb7 26. Rf3 b3 27. axb3 Qxb3 28. Rh3 h4 29. Qf2 Be7 30. Rf3 Rh7 31. Ne3 Rb8 32. Re2 Bb5 33. Rd2 Qa2 34. b4 Qb1+ 35. Rd1 Qb3 36. bxa5 Bg5 37. Ra1 Ra8 38. h3 Ba6 39. Ng4 Rb8 40. Bb6 Rc8 41. Bc5 Rb8 42. Bb4 Qc4 43. Nf6+ Bxf6 44. Rxf6 d4 45. Rf4 Qd5 46. Rxd4 Qb7 47. Rxh4 Rxh4 48. Qxh4 Qa7+ 49. Kh1 Rb5 50. Rf1 1-0

[Event "UKR-chT 10th"]
[Site "Alushta"]
[Date "2002.04.11"]
[Round "2"]
[White "Semenenko, Alexander"]
[Black "Lagno, Kateryna"]
[Result "1-0"]
[WhiteElo "2293"]
[BlackElo "2277"]
[PlyCount "135"]
[EventDate "2002.04.09"]
[EventType "team-swiss"]
[EventRounds "9"]
[EventCountry "UKR"]
[SourceTitle "EXT 2019"]
[Source "ChessBase"]
[SourceDate "2018.10.10"]
[SourceVersion "1"]
[SourceVersionDate "2018.10.10"]
[SourceQuality "1"]
[WhiteTeam "Lozova Chess Club"]
[BlackTeam "Kramatorsk Grandmaster III"]
[WhiteTeamCountry "UKR"]
[BlackTeamCountry "UKR"]

1. Nf3 Nf6 2. g3 e6 3. Bg2 d5 4. d3 c5 5. Nbd2 Nc6 6. 0-0 Be7 7. e4 Qc7 8. Re1 b6 9. e5 Nd7 10. Qe2 Bb7 11. Nf1 0-0-0 12. h4 h6 13. h5 Rdg8 14. c3 g6 15. hxg6 Rxg6 16. Bf4 Bg5 17. Bd2 Kb8 18. a3 Re8 19. b4 Bxd2 20. N1xd2 Ne7 21. bxc5 bxc5 22. Rab1 Ka8 23. c4 Bc6 24. d4 Nf5 25. dxc5 Rgg8 26. cxd5 Bxd5 27. Ne4 Rb8 28. Nd6 Rxb1 29. Rxb1 Nxd6 30. cxd6 Qc5 31. Kh2 Rc8 32. Rb4 Qc2 33. Nd2 Bxg2 34. Kxg2 Qc6+ 35. f3 Qc2 36. f4 Nb6 37. Qe4+ Nd5 38. Qxc2 Rxc2 39. Rd4 Kb7 40. Kh3 Rc3 41. Ra4 Nb6 42. Rd4 Kc8 43. a4 a5 44. Ne4 Rc1 45. Nf6 Ra1 46. d7+ Kd8 47. Rd6 Rb1 48. Rc6 Rb3 49. Kg4 Rb1 50. Rc5 Nxd7 51. Nxd7 Kxd7 52. Rxa5 Ra1 53. Ra7+ Ke8 54. Kh3 Kf8 55. a5 Ra2 56. Ra8+ Kg7 57. a6 Kg6 58. g4 Ra3+ 59. Kg2 Kg7 60. f5 Ra4 61. f6+ Kh7 62. Kg3 Ra3+ 63. Kh4 Ra1 64. Rf8 Rxa6 65. Rxf7+ Kg8 66. Re7 Kf8 67. Kh5 Ra5 68. Rxe6 1-0